00633nam a2200229 a 450000100060000000300080000600500170001400800410003102000150007203500190008704000270010604100080013308200250014110000270016624500540019325000110024726000420025830000330030050000180033350400260035165000260037765892BD-RjUL20211209081459.0170313s1972 moua b 001 0 eng  a0801624134 a(BD-RjUL)66022 aDLCcDLCdBD-RjULbeng aeng00a618.92223bJAR 19721 aJames, John A.,d1925-10aRenal disease in childhood /c[by] John A. James. a2d ed. aSaint Louis,bC.V. Mosby Co.,cc1972. aix, 377 p. :bill, ;c26 cm. aInclude index aBibliography: p. 357. 0aPediatric nephrology.